| 000 | 00660 a2200217 4500 | ||
|---|---|---|---|
| 005 | 20240627105602.0 | ||
| 010 | _aB-759939 | ||
| 020 |
_a9789354711114 _c395.00 |
||
| 035 | _aB-759939 | ||
| 037 | _bGift | ||
| 082 | _aS | ||
| 100 |
_aCawthon, Scott _967824 |
||
| 245 |
_aFive Nights At Freddy's; _bFazbear Frights#7 The Cliffs/ _cScott Cawthon , Elley Cooper [at...all] Andrea Waggener |
||
| 260 |
_aNew Delhi _bScholastic Inc. _c2021 |
||
| 270 | _aNew Delhi | ||
| 300 |
_a194 p. _c19 cm(Pb) |
||
| 700 |
_aCooper , Elley _967825 |
||
| 700 |
_a Waggener, Andrea _967826 |
||
| 942 |
_adpl _cCH _2ddc _hS _mCAW |
||
| 999 |
_c203764 _d203764 |
||